Código penal de la nación [Argentina] sancionado por el H. Congreso el 30 de septiembre de 1921 / (Record no. 44915)

MARC details
000 -LEADER
campo de control de longitud fija 00676nam a2200169 i 4500
001 - NÚMERO DE CONTROL
campo de control 44915
003 - IDENTIFICADOR DE NÚMERO DE CONTROL
campo de control ES-MaACL
007 - CAMPO FIJO DE DESCRIPCIÓN FÍSICA--INFORMACIÓN GENERAL
campo de control de longitud fija t|
008 - DATOS DE LONGITUD FIJA--INFORMACIÓN GENERAL
campo de control de longitud fija 030324s1901 ag ||||1| spa d
245 00 - MENCIÓN DEL TÍTULO
Título Código penal de la nación [Argentina] sancionado por el H. Congreso el 30 de septiembre de 1921 /
Mención de responsabilidad, etc. prólogo de Rodolfo Moreno (hijo) ; suplemento de la colección completa de leyes nacionales recopiladas y coordinadas por Augusto da Rocha.
260 ## - PUBLICACIÓN, DISTRIBUCIÓN, ETC.
Lugar de publicación, distribución, etc. Buenos Aires :
Nombre del editor, distribuidor, etc. [s.n.],
Fecha de publicación, distribución, etc. 1901 (
Fabricante Imp. López)
300 ## - DESCRIPCIÓN FÍSICA
Extensión 128 p. ;
Dimensiones 16 cm.
700 0# - ENTRADA AGREGADA--NOMBRE PERSONAL
Nombre de persona Moreno, Rodolfo,
Títulos y otros términos asociados al nombre (hijo)
9 (RLIN) 83314
700 1# - ENTRADA AGREGADA--NOMBRE PERSONAL
Nombre de persona Da Rocha, Augusto.
9 (RLIN) 42393
852 ## - LOCALIZACIÓN
Ubicación ES-MaACL
Número de control de estantería G-14896
Holdings
Estatus retirado Estado de pérdida Estado de daño No para préstamo Biblioteca de origen Biblioteca actual Ubicación en estantería Fecha de adquisición Fuente de adquisición Total de préstamos Signatura topográfica completa Código de barras Visto por última vez Precio de reemplazo Tipo de ítem Koha
        Biblioteca del Ateneo de Madrid Biblioteca del Ateneo de Madrid Sala Pecera Planta 3 17/01/2008     G-14896 1047272 23/02/2023 23/02/2023 Libro impreso antiguo